| 000 | 00689nam a22002057a 4500 | ||
|---|---|---|---|
| 999 |
_c15830 _d15830 |
||
| 003 | AR-CdUCM | ||
| 008 | 190430b ||||| |||| 00| 0 spa d | ||
| 040 |
_aMUNICIPALIDAD PROVINCIAL DEL CUSCO _cBIBLIOTECA MUNICIPAL DEL CUSCO |
||
| 082 |
_a869.56 / _bF38 |
||
| 100 |
_aCaballero, César Angeles _935027 |
||
| 245 |
_aAncash : _bleyendas, fabulas y canciones / |
||
| 260 |
_aLima : _bPeruanas, _c1958. |
||
| 300 |
_a93 páginas ; _c17 cm. |
||
| 440 |
_aLibros para Ancash ; _912240 |
||
| 505 | _aContenido: Leyendas y fabulas -- Canciones quechuas -- Otras canciones. | ||
| 650 |
_aLiteratura peruana _9169 |
||
| 650 |
_aSiglo XX. _98 |
||
| 942 |
_2ddc _cLIBROS |
||
| 945 |
_aacv _d2019-04-30 |
||